Pasta rules (Record no. 5171)

MARC details
000 -CABECERA
campo de control de longitud fija 01224nam a22002297a 4500
008 - DATOS DE LONGITUD FIJA--INFORMACIÓN GENERAL
campo de control de longitud fija 251112b |||||||| |||| 00| 0 eng d
020 ## - NÚMERO INTERNACIONAL ESTÁNDAR DEL LIBRO
Número Internacional Estándar del Libro 9781454956983
040 ## - FUENTE DE LA CATALOGACIÓN
Centro/agencia transcriptor tbs
041 ## - CÓDIGO DE LENGUA
Código de lengua del texto/banda sonora o título independiente eng
050 ## - SIGNATURA TOPOGRÁFICA DE LA BIBLIOTECA DEL CONGRESO
Número de clasificación TX809.M17
Número de documento/Ítem C678 2025
100 ## - ENTRADA PRINCIPAL--NOMBRE DE PERSONA
Nombre de persona Cortellini, Danilo
9 (RLIN) 26478
Término indicativo de función/relación author
245 ## - MENCIÓN DE TÍTULO
Título Pasta rules
Resto del título : 100 ways to shape, sauce, and serve
Mención de responsabilidad, etc. / Danilo Cortellini ; illustrations by Rebecca Hollingsworth.
260 ## - PUBLICACIÓN, DISTRIBUCIÓN, ETC.
Lugar de publicación, distribución, etc. New York, NY :
Nombre del editor, distribuidor, etc. Union Square & Co.,
Fecha de publicación, distribución, etc. 2025.
300 ## - DESCRIPCIÓN FÍSICA
Extensión 144 pages :
Otras características físicas color illustrations ;
Dimensiones 19 cm
520 ## - SUMARIO, ETC.
Sumario, etc. If you want to elevate your game, you need to know the rules. In this book of 100 tips and tricks by Danilo Cortellini, food content creator and former head chef of the Italian embassy in London, you'll learn how to make a variety of pasta doughs and shapes, what sauces and ingredients to pair them with, and how to serve and eat them authentically--as well as Danilo's expert guidance on what rules you can actually break (fish and cheese may not be so taboo after all).
650 #0 - PUNTO DE ACCESO ADICIONAL DE MATERIA--TÉRMINO DE MATERIA
Término de materia o nombre geográfico como elemento de entrada Cooking (Pasta)
9 (RLIN) 26479
650 #0 - PUNTO DE ACCESO ADICIONAL DE MATERIA--TÉRMINO DE MATERIA
Término de materia o nombre geográfico como elemento de entrada Cooking, Italian
9 (RLIN) 25001
655 #0 - TÉRMINO DE INDIZACIÓN--GÉNERO/FORMA
Datos o término principal de género/forma Recipes
9 (RLIN) 26480
655 #0 - TÉRMINO DE INDIZACIÓN--GÉNERO/FORMA
Datos o término principal de género/forma Cookbooks
9 (RLIN) 25002
700 ## - ENTRADA AGREGADA--NOMBRE PERSONAL
Nombre de persona Hollingsworth, Rebecca
9 (RLIN) 26481
Término indicativo de función/relación illustrator
942 ## - ELEMENTOS DE ENTRADA AGREGADA (KOHA)
Fuente del sistema de clasificación o colocación Clasificación de Library of Congress
Holdings
Estado de retiro Estado de pérdida Fuente del sistema de clasificación o colocación Estado dañado No para préstamo Biblioteca de origen Biblioteca actual Fecha de adquisición Total de préstamos Signatura topográfica completa Código de barras Fecha visto por última vez Fecha del último préstamo Número de copia Precio válido a partir de Tipo de ítem Koha
    Clasificación de Library of Congress     TBS Barcelona TBS Barcelona 12/11/2025 1 TX809.M17 COR B05656 10/02/2026 03/02/2026 1 12/11/2025 Book

Powered by Koha